[Event "Arber op 1st"]
[Site "Bayerisch Eisenstein"]
[Date "2012.08.25"]
[Round "8"]
[White "Miellet Bensan, Yves"]
[Black "Ostertag, Hans"]
[Result "0-1"]
[WhiteElo "2079"]
[BlackElo "1918"]
[PlyCount "96"]
[EventDate "2012.08.18"]
[EventType "swiss"]
[EventRounds "9"]
[EventCountry "GER"]
[SourceTitle "CBM 150 Extra"]
[Source "ChessBase"]
[SourceDate "2012.10.19"]
[SourceVersion "1"]
[SourceVersionDate "2012.10.19"]
[SourceQuality "1"]

1. e4 Nf6 2. Nc3 d5 3. e5 d4 4. Nce2 Ng4 5. f4 c5 6. Ng3 Nh6 7. Bc4 Nc6 8. Nf3 Bg4 9. h3 Bxf3 10. Qxf3 e6 11. Nh5 Qd7 12. 0-0 Rg8 13. Bd3 Nf5 14. g4 Nh4 15. Qe2 Ng6 16. a3 0-0-0 17. Rb1 h6 18. Be4 Nge7 19. b4 Nd5 20. bxc5 Bxc5 21. Qc4 Bb6 22. Kh1 Kb8 23. a4 Na5 24. Qa2 Qc7 25. Rf3 Qc4 26. Qxc4 Nxc4 27. Bd3 Rc8 28. Ng3 f6 29. exf6 gxf6 30. Be4 Rcd8 31. Rb5 Nd6 32. Rbb3 Nxe4 33. Nxe4 f5 34. gxf5 exf5 35. Ng3 Rde8 36. Rf1 Rc8 37. Nxf5 Rxc2 38. a5 Bc5 39. Rd3 Nxf4 40. Rdf3 Ne2 41. Ba3 Bxa3 42. Rxa3 Rg5 43. Rf2 Rxd2 44. Kh2 d3 45. Nh4 Rg8 46. Rb3 Rg7 47. Rb4 Rc2 48. Rf8+ Kc7 0-1

[Event "Arber op 1st"]
[Site "Bayerisch Eisenstein"]
[Date "2012.08.23"]
[Round "6"]
[White "Meertens, Martin"]
[Black "Ostertag, Hans"]
[Result "1/2-1/2"]
[WhiteElo "2113"]
[BlackElo "1918"]
[PlyCount "126"]
[EventDate "2012.08.18"]
[EventType "swiss"]
[EventRounds "9"]
[EventCountry "GER"]
[SourceTitle "CBM 150 Extra"]
[Source "ChessBase"]
[SourceDate "2012.10.19"]
[SourceVersion "1"]
[SourceVersionDate "2012.10.19"]
[SourceQuality "1"]

1. e4 Nf6 2. e5 Nd5 3. d4 d6 4. c4 Nb6 5. exd6 exd6 6. Nf3 Nc6 7. Be2 Be7 8. b3 Bf6 9. Bb2 0-0 10. 0-0 Bg4 11. Na3 d5 12. c5 Nc8 13. Nc2 Re8 14. Re1 N8e7 15. h3 Be6 16. Qd2 h6 17. b4 Ng6 18. Bd3 Nce7 19. g4 Qd7 20. Ne3 Nh4 21. Nxh4 Bxh4 22. Ng2 Bf6 23. b5 g5 24. a4 Kg7 25. Re3 h5 26. f3 Rh8 27. Ne1 Rh6 28. Nc2 Rah8 29. Qg2 Ng6 30. Bxg6 Kxg6 31. Nb4 c6 32. b6 axb6 33. cxb6 hxg4 34. fxg4 c5 35. Nd3 c4 36. Nc5 Qc6 37. a5 Qd6 38. Rf3 Bc8 39. a6 bxa6 40. b7 Bxb7 41. Nxb7 Qb4 42. Nc5 c3 43. Qc2+ Kg7 44. Qxc3 Qxc3 45. Bxc3 Rxh3 46. Raf1 Rh1+ 47. Kf2 Rxf1+ 48. Kxf1 Rh4 49. Rg3 a5 50. Kg2 Be7 51. Nb7 a4 52. Ba1 Kg6 53. Kf2 f5 54. gxf5+ Kxf5 55. Nc5 Bf6 56. Ke3 Rh1 57. Bb2 g4 58. Nxa4 Rd1 59. Ke2 Rb1 60. Rd3 Rh1 61. Bc3 Bh4 62. Nc5 g3 63. Rf3+ Kg4 1/2-1/2

[Event "Bad Woerishofen op 22nd"]
[Site "Bad Woerishofen"]
[Date "2006.03.17"]
[Round "1"]
[White "Burmakin, Vladimir"]
[Black "Ostertag, Hans"]
[Result "1-0"]
[WhiteElo "2519"]
[BlackElo "2069"]
[PlyCount "63"]
[EventDate "2006.03.17"]
[EventType "swiss"]
[EventRounds "9"]
[EventCountry "GER"]
[SourceTitle "CBM 111 Extra"]
[Source "ChessBase"]
[SourceDate "2006.05.09"]
[SourceVersion "1"]
[SourceVersionDate "2006.05.09"]
[SourceQuality "1"]

1. d4 Nf6 2. c4 c5 3. d5 b5 4. cxb5 a6 5. b6 d6 6. Nc3 g6 7. e4 Bg7 8. Nf3 Qxb6 9. Nd2 0-0 10. Be2 Nbd7 11. Nc4 Qc7 12. 0-0 Nb6 13. Rb1 Nxc4 14. Bxc4 Bd7 15. Qe2 Rfb8 16. Bd2 Bb5 17. Bxb5 axb5 18. Nxb5 Qb7 19. Nc3 Nd7 20. f4 Ra6 21. a4 Bd4+ 22. Kh1 Bg7 23. h4 Rb6 24. Nb5 e6 25. Ba5 Ra6 26. Bc7 Rba8 27. dxe6 fxe6 28. Bxd6 Rxa4 29. e5 Re4 30. Qf3 Rc8 31. Be7 Qc6 32. Nd6 1-0